|
|
|
|
| LEADER |
01001naa a2200229 i 4500 |
| 001 |
acta66904 |
| 005 |
20230323155522.0 |
| 008 |
200507s2019 hu o 1|| hun d |
| 020 |
|
|
|a 978-615-00-7087-2
|
| 040 |
|
|
|a SZTE Egyetemi Kiadványok Repozitórium
|b hun
|
| 041 |
|
|
|a hun
|
| 100 |
2 |
|
|a T. Horváth Attila
|
| 245 |
1 |
0 |
|a Szuahéli expanzió Kelet-Afrikában és a Kongó-medencében a XIX. század második felében
|h [elektronikus dokumentum] /
|c T. Horváth Attila
|
| 260 |
|
|
|c 2019
|
| 300 |
|
|
|a 138-148
|
| 490 |
0 |
|
|a Magyar 200 : Szombathelyi tudományos konferencia és megemlékezés
|
| 650 |
|
4 |
|a Bölcsészettudományok
|
| 650 |
|
4 |
|a Történettudomány és régészet
|
| 695 |
|
|
|a Kelet- és Közép-Afrika története - 1840-es évek, Afrika - belső kereskedelem
|
| 700 |
0 |
1 |
|a Magyar László
|
| 711 |
|
|
|a Magyar 200 : szombathelyi tudományos konferencia és megemlékezés
|c Szombathely
|d 2019
|
| 856 |
4 |
0 |
|u http://acta.bibl.u-szeged.hu/66904/1/2019_magyar_200_138-148.pdf
|z Dokumentum-elérés
|